000 00358nam a2200145 i 4500
001 bg
100 1 _aCOFFRON, James W.
245 0 _aLokalizacja uszkodzeń w systemach mikroprocesorowych /
_cJ.W. Coffron.
260 _aWarszawa,
_c1985.
040 _cBPK
041 _apol
080 _a681.322
942 _cKS
008 s pl f |000 0 pol
999 _c2527
_d2527
856 _uhttp://koha.tu.koszalin.pl/cgi-bin/koha/opac-detail.pl?biblionumber=2527
_yKatalog online BPK